| 000 | 00672cam a2200193 a 4500 | ||
|---|---|---|---|
| 005 | 20140520110330.0 | ||
| 008 | 020406m20012006ne eb 000 0 eng d | ||
| 020 | _a9004147640 | ||
| 020 | _a9789004147645 | ||
| 245 | 0 | 0 |
_aEncyclopaedia of the Qur'an : index volume / _cJane Dammen McAuliffe, general editor. |
| 246 | 3 | _aEncyclopedia of the Qur'an | |
| 260 |
_aLeiden : _bBrill, _c2001-2006. |
||
| 300 |
_aix, 860 p. ; _c27 cm. |
||
| 504 | _aIncludes bibliographical references. | ||
| 505 | 0 | _av. 1. A-D -- v. 2. E-I -- v. 3. J-O -- v. 4. P-Sh -- v. 5. Si-Z -- Index volume. | |
| 630 | 0 | 0 |
_aKoran _vEncyclopedias. |
| 700 | 1 | _aMcAuliffe, Jane Dammen. | |
| 942 |
_2lcc _cBK |
||
| 999 |
_c36181 _d36181 |
||